LEADER 01238nam a2200301 i 4500 001 000000036638 003 CaOOAMICUS 005 20150625000000.0 008 150625s1990 it u000 u ita u 013 $a6390 020 $a88-14-02090-6 040 $aSeMil$bita 245 12$aL'assolutismo Laico /$cAntologia a cura di Anna Maria Battista ; Introduzione di Lucio Pala ; Traduzione e note di Diana Thermes. 260 $aMilano :$bGiuffrè,$cstampa 1990. 300 $a411 p. ;$c24 cm. 490 0 $aArcana imperii ;$v24 500 $aContiene : Bibliografia. 650 4$aPolitica - Teorie.$0(OLS)http://semarc/subject/1691 700 1 $aBattista, Anna Maria.$0(OLS)http://semarc/name/17300 700 1 $aThermes, Diana.$0(OLS)http://semarc/name/17302 700 1 $aPala, Lucio.$0(OLS)http://semarc/name/17301 830 0$aArcana imperii ;$v24.$0(OLS)http://semarc/title/20895 850 $aSeMil 852 $aSeMil$W1$xVenegono$y1$m3N IV 339$j2793$B2793$CSeMilBibl$Z2$F2793 $81 961 $aOmaggio: Donazione 996 $6020$a88-14-02090-6$9(OLS)http://semarc/number/5367 996 $6245$aL'assolutismo Laico$9(OLS)http://semarc/title/50837 996 $6260$aMilano :$bGiuffrè$9(OLS)http://semarc/publisher/29926 LEADER 01466nam a2200313 i 4500 001 000000071008 003 CaOOAMICUS 005 20260506121229.0 008 101021s1999 it u000 u ita u 013 $a42180 020 $a88-10-50301-5 040 $aSeMil$bita 245 13$aLa teologia tra rivelazione e storia :$bintroduzione alla teologia sistematica /$cR. Fisichella, G. Pozzo, G. Lafont. 260 $aBologna :$bEDB,$c1999. 300 $a414 p. ;$c24 cm. 650 4$aTeologia sistematica.$0(OLS)http://semarc/subject/598 650 4$aTeologia - Storia.$0(OLS)http://semarc/subject/364 650 4$aTeologia - Introduzioni.$0(OLS)http://semarc/subject/3522 700 1 $aPozzo, Guido .$0(OLS)http://semarc/name/35324 700 1 $aFisichella, Rino,$c.$0(OLS)http://semarc/name/3789 700 1 $aLafont, Ghislain,$c.$0(OLS)http://semarc/name/2667 773 0 $tCorso di teologia sistematica.$dBologna : EDB, 1985-1993.$g1$w()659 850 $aSeMil 852 $aSeMil$W1$xVenegono$y1$m2LA T 1$j271392$B37161$CSeMilBibl$Z2$F37164 $81 961 $aSottoscrizione: Città Nuova 996 $6020$a88-10-50301-5$9(OLS)http://semarc/number/49939 996 $6245$aLa teologia tra rivelazione e storia :$bintroduzione alla teologia sistematica$9(OLS)http://semarc/title/114129 996 $6260$aBologna :$bEDB$9(OLS)http://semarc/publisher/29669